00478nam a2200181Ia 4500008004100000020001400041050001400055100002200069245002200091245003700113245005600150260001500206260001700221260000900238300001400247300002500261300001000286180207s9999 xx 000 0 und d a439192692 bC623 1999 aClearly, Brian P. aWhat is a noun? : ba mink, a fink, a skating rink / cBrian P. Clearly ; illustrated by Jenya Prosmitsky. aNew York : bScholastic,  c1999 aunpaged : bcolor illustration ; c23cm.